Tortues de fiction - Statistiques

Statistiques générales
  • Ce quiz a été pris 26 fois
  • Le résultat moyen est 5 sur 20
Statistiques - réponses
Tortue de fiction Univers % Correct
Franklin Franklin
100%
Donatello Tortues Ninja
96%
Caroline Boule et Bill
70%
Samy Le Voyage extraordinaire de Samy
57%
Maître Oogway Kung Fu Panda
48%
Umigame Dragon Ball
39%
Tortue rouge La Tortue rouge
26%
Crush Le Monde de Nemo
26%
Tortimer Animal Crossing
22%
Genbu Naruto
13%
Verne Nos voisins, les hommes
13%
A'Tuin Les Annales du Disque-Monde
9%
Morla L'Histoire sans fin
4%
Cecil la tortue Looney Tunes
4%
Conseiller Gromit Spyro
4%
Fausse tortue Alice au pays des merveilles
0%
Tartine Charlotte aux fraises
0%
Tiny Tortue Kinder Surprise
0%
Tank My Little Pony
0%
Cloé Sylvain et Sylvette
0%
Aucun quiz correspondant
Distribution des résultats
% des personnes avec chaque résultat
Percentile par nombre de réponses
Votre historique - résultats
Vous n’avez pas pris ce quiz